| 000 | 02007nam a22002777a 4500 | ||
|---|---|---|---|
| 003 | UA-OsUOA | ||
| 001 | 65057 | ||
| 007 | ta | ||
| 008 | 20091112b un ||||| |||| 00| 0 ukr d | ||
| 100 | _aЛущай В.І. | ||
| 090 |
_a94(439) _bЛ87 |
||
| 942 | _cBK | ||
| 040 |
_aUA-OsUOA _bukr _cUA-OsUOA _dUA-OsUOA |
||
| 245 |
_aУгорська революція 1956 р. як наслідок загострення суспільно-політичних та соціально-економічних протиріч в Угорщині у 1949-1956 рр. _bМонографія |
||
| 300 | _a230 с. | ||
| 955 | _a1 | ||
| 041 | _aukr | ||
| 080 | _a94(439) | ||
| 020 | _a978-966-660-460-9 | ||
| 520 | 3 | _aУ монографічному дослідженні на основі системного аналізу широкої джерельної бази та наукової літератури досліджується загострення суспільно-політичної, економічної та духовної кризи Угорщини в 1949-1956 рр. Детально відтворено перебіг подій впродовж У | |
| 520 | 3 | _aгорської революції 1956 р., яка стала апогеєм кризи тоталітарного комуністичного режиму під впливом внутрішньо- та зовнішньополітичних чинників.Зміст.Розділ 1. Огляд історіграфії та джерельної бази монографії.Розділ 2. Формування тоталітарного р | |
| 520 | 3 | _aежиму в Угорщині 1949-1953 рр.Розділ 3. Суспільно-політичне становище в Угорщині 1953-жовтень 1956 рр.Розділ 4. Угорська революція 1956 р. | |
| 260 |
_aК. _c2003 |
||
| 650 | 7 |
_a9 Географія. Біографії. Історія _2UDC |
|
| 999 |
_c351170 _d351170 |
||